000 00502nas a2200169 i 4500
001 173119
003 ES-MaACL
005 20230906215138.0
008 091103d19041935sp | | ||pa d
022 _a0213-8794
245 0 0 _aEstadística de los accidentes de trabajo.
260 _aMadrid :
_bMinisterio de Trabajo y Previsión Social, Dirección General de Trabajo,
_c1904-1935.
300 _a6 v. ;
_c25 cm.
310 _aAnual
852 _aES-MaACL
_jC-8003-08
999 _c173119
_d173119